El presupuesto es la regla de juego por excelencia (Registro nro. 17975)

Detalles MARC
000 -LEADER
fixed length control field 00341 a2200109 4500
001 - CONTROL NUMBER
control field ART_11111
005 - DATE AND TIME OF LATEST TRANSACTION
control field 20260410161732.0
008 - FIXED-LENGTH DATA ELEMENTS--GENERAL INFORMATION
fixed length control field 260409a
100 1# - MAIN ENTRY--PERSONAL NAME
Personal name Machinea, José Luis
245 10 - TITLE STATEMENT
Title El presupuesto es la regla de juego por excelencia
773 0# - HOST ITEM ENTRY
Title Ejecutivos de finanzas
Related parts - Año 5, Nº 42 (nov. 1987)
Record control number REV2863

No hay ítems disponibles.